| 000 | 00318nam a2200121Ia 4500 | ||
|---|---|---|---|
| 008 | 190216s9999||||xx |||||||||||||| ||und|| | ||
| 100 | _aAzhar Kazmi | ||
| 245 | 0 | _aBusiness Policy And Strategic Management | |
| 260 |
_bTata Mcgraw Hill Publishing Company Ltd _c2003 |
||
| 300 | _a619p | ||
| 650 | _aCommerce | ||
| 942 | _cBK | ||
| 999 |
_c6520 _d6520 |
||